00914cam a22002411 4500001001300000003000400013005001700017008004100034010001700075035001900092040004800111042001200159050002200171110005300193245016000246260002400406300003500430490005400465500001700519650006200536650005700598999001700655e 29000090 DLC20260227111218.0811104s1928 paua s000 0 eng c ae 29000090  a(OCoLC)7905804 aLibrary, U. S. Bur. of EducationcKWiUdDLC apremarc00aLA356.D3bA5 19281 aPennsylvania.bDepartment of Public Instruction.12aA survey of the schools of Susquehanna Township, Dauphin County, Pennsylvania.cCommonwealth of Pennsylvania, Department of public instruction, Harrisburg. a[Harrisburg,c1928] a59 p.billus., diagrs.c23 cm.0 aEducational monographsv[v. 1, no. 7. July, 1928] aCover title. 0aEducational surveyszPennsylvaniazSusquehanna (Township) 0aPublic schoolszPennsylvaniazSusquehanna (Township) c20956d20956